|
|
|
|
| LEADER |
00613naa a2200193 i 4500 |
| 001 |
publ15437 |
| 005 |
20190705104920.0 |
| 008 |
190514s2015 hu o 0|| német d |
| 020 |
|
|
|a 9783832971205
|
| 024 |
7 |
|
|a 2850526
|2 mtmt
|
| 040 |
|
|
|a SZTE Publicatio Repozitórium
|b hun
|
| 041 |
|
|
|a német
|
| 100 |
1 |
|
|a Karsai Krisztina
|
| 245 |
1 |
0 |
|a Länderbericht Ungarn
|h [elektronikus dokumentum] /
|c Karsai Krisztina
|
| 260 |
|
|
|a Nomos
|b Baden-Baden
|c 2015
|
| 300 |
|
|
|a 9
|
| 300 |
|
|
|a 1319-1327
|
| 490 |
0 |
|
|a Rechtshilferecht in Strafsachen
|
| 856 |
4 |
0 |
|u http://publicatio.bibl.u-szeged.hu/15437/11/2850526.pdf
|z Dokumentum-elérés
|